[Event "Mermaid Beach Club m"]
[Site "Bermuda"]
[Date "1999.01.26"]
[Round "5"]
[White "Seirawan, Yasser"]
[Black "Adams, Michael"]
[Result "1/2-1/2"]
[WhiteElo "2643"]
[BlackElo "2716"]
[Annotator "Tisdall,J"]
[PlyCount "42"]
[EventDate "1999.01.21"]
[EventType "match"]
[EventRounds "10"]
[EventCountry "BER"]
[SourceTitle "CBM 069"]
[Source "ChessBase"]
[SourceDate "1999.04.01"]
[SourceVersion "1"]
[SourceVersionDate "1999.04.01"]
[SourceQuality "1"]

1. d4 Nf6 2. c4 e6 3. Nf3 b6 4. Nc3 Bb4 5. Qb3 c5 6. a3 Ba5 7. Bg5 Bb7 8. e3 (
8. Rd1 $5 {again seems most promising according to the state of the art. Now
black can avoid the terrors of the previous duel be capturing on d4 before the
rook can influence the game.}) 8... cxd4 (8... Bxf3 9. gxf3 cxd4 10. exd4 Nc6
11. O-O-O Bxc3 12. Qxc3 Rc8 13. Kb1 d5 $5 (13... Ne4 14. fxe4 Qxg5 15. c5 O-O
16. Ba6 Rb8 17. d5 exd5 18. exd5 Ne7 19. Rhg1 Qh6 20. c6 $1 dxc6 21. dxc6 Nxc6
22. Rd6 $1 $18 {1-0 Kortschnoj,V-Polugaevsky,L/Reykjavik 1987/CBM 02 (31)}) 14.
c5 bxc5 15. dxc5 d4 16. Qc4 O-O 17. Rg1 Ne5 18. Qxd4 Qxd4 19. Rxd4 Nxf3 20.
Bxf6 Nxg1 21. Rg4 g6 22. Rxg1 Rxc5 23. Be7 $16 {1-0 Kohlweyer,B-Ostojic,P/
Dortmund 1987/TD (67)}) 9. Nxd4 (9. exd4 $5 {not fearing the gashed pawn
structure after ...Bxf3 seems more ambitious, especially in view of black's
dismal record in this type of position.}) 9... O-O 10. Qc2 (10. Ndb5 d5 11.
O-O-O a6 12. cxd5 axb5 13. dxe6 {was, according to Seirawan, his prepared
response in this position, but he discovered a flaw at the board. This seems
like good judgement since the sacrifice looks highly doubtful to me. Black's
active pieces are more likely to do damage to white's rather exposed king long
before pawn count has any say in the game.}) 10... Bxc3+ 11. Qxc3 d5 12. cxd5
Bxd5 13. f3 h6 $1 {This makes it more difficult for white to achieve e4,
thanks to a more successful tactical mechanism with ...N(x)e4 with the white
bishop placed on h4.} 14. Bh4 Nbd7 15. Bb5 (15. b4 $5 Ne4 16. Bxd8 Nxc3 17. Be7
Rfe8 18. Bd6 {was given by Seirawan, who found it hard to assess. Since he was
willing to repeat this variation a few days later, one is tempted to deduce
that he found it worth trying to get one more time.}) (15. Rc1) 15... Rc8 16.
Qd2 Nc5 17. Rd1 Nb3 18. Nxb3 (18. Qe2 Nxd4 19. Rxd4 Rc1+ 20. Rd1 Rxd1+ 21. Qxd1
Qc8 22. O-O Bc4 23. Bxc4 Qxc4 {gave some chances for a microscopic edge
according to Seirawan.}) 18... Bxb3 19. Qxd8 Rfxd8 20. Rxd8+ Rxd8 21. Ke2 Rc8 (
21... Rc8 22. Bd3 Nd7 23. Bg3 a5 $1 {did not inspire white into playing on.} (
23... Nc5 $6 24. Rc1 Rd8 25. Bb5 {and the possibility of Bc7 prevents ...a6
and gives white the beginning of a small initiative.} a6 26. Bc7 Rc8 27. Bxb6
axb5 28. Rxc5)) 1/2-1/2

[Event "Recklinghausen"]
[Site "Recklinghausen"]
[Date "1998.07.28"]
[Round "4"]
[White "Graf, Alexander"]
[Black "Luther, Thomas"]
[Result "1-0"]
[WhiteElo "2625"]
[BlackElo "2510"]
[Annotator "Tisdall,J"]
[PlyCount "83"]
[EventDate "1998.07.25"]
[EventType "tourn"]
[EventRounds "9"]
[EventCountry "GER"]
[EventCategory "12"]
[SourceTitle "CBM 067"]
[Source "ChessBase"]
[SourceDate "1998.11.30"]
[SourceVersion "2"]
[SourceVersionDate "1998.11.01"]
[SourceQuality "1"]

1. d4 {Hecht} e6 2. c4 Nf6 3. Nc3 Bb4 4. Nf3 O-O 5. Bg5 c5 6. Rc1 (6. d5 b5 (
6... h6 7. Bh4 Bxc3+ 8. bxc3 d6 9. e3 e5 10. Nd2 Nbd7 11. Bd3 Re8 12. Qc2 Nf8
13. O-O g5 14. Bg3 Qe7 15. f3 Nh5 16. Bf2 Kg7 $13 {0-1 Blagojevic,D-Milanovic,
V/Belgrade 1989/EXT 89op (47)}) 7. e3 Bb7 8. d6 Qa5 9. Bxf6 gxf6 10. Nd2 Bxc3
11. bxc3 Qxc3 12. cxb5 a6 13. Rc1 Qa3 14. b6 Nc6 15. Nc4 Qb4+ 16. Qd2 Rfb8 17.
f4 Qxd2+ 18. Nxd2 Nb4 19. Rxc5 Bc6 20. Nc4 Nxa2 21. Be2 Nc3 22. Na5 Nxe2 23.
Rxc6 dxc6 24. b7 Ra7 25. Kxe2 Raxb7 26. Nxb7 Rxb7 27. Rc1 Rb2+ 28. Kd3 Kf8 29.
Rxc6 Ke8 30. h4 Rxg2 31. Rxa6 {1-0 Kortschnoj,V-Larsen,B/Sousse 1967/IZT (44)})
6... cxd4 7. Nxd4 d5 (7... Nc6 8. e3 a6 9. Be2 Be7 {is the most solid plan.}
10. O-O d6 11. Qd2 Qb6 12. Rfd1 Bd7 13. Nb3 Rad8 14. Bxf6 gxf6 15. Ne4 Nb4 16.
Nxd6 Nxa2 17. c5 Qxb3 18. Bc4 Nxc1 19. Bxb3 Nxb3 20. Qb4 Nxc5 21. Qxc5 Ba4 22.
b3 Bxb3 23. Rd3 Bd5 24. e4 Bxe4 {0-1 Szabo,L-Kortschnoj,V/Lugano 1968/MCD-ol 
(24)}) 8. e3 h6 9. Bh4 Bxc3+ (9... Nc6 10. cxd5 $14) 10. bxc3 dxc4 11. Bxc4 e5
$5 {An extremely straightforward way to seek equality. Black must play
precisely to neutralize white's initiative.} (11... Nbd7 $5) 12. Nb5 Qxd1+ 13.
Rxd1 Nc6 14. Bxf6 gxf6 15. O-O (15. Nd6 Na5 16. Bd5 Be6 $11) 15... Na5 (15...
Be6 16. Bxe6 fxe6 17. Nc7 $16) (15... a6 16. Nd6 (16. Nc7 Ra7 17. Rd6 Kg7 18.
Rfd1 (18. Nxa6 $4 Na5 $19) (18. Bxa6 $4 bxa6 19. Rxc6 Bd7 $19 {[%csl Rc7]})
18... Na5 19. Be2 b5 20. Nd5 Be6 $132) 16... Rb8 17. f4 $5 Bg4 (17... Be6 18.
Bxe6 fxe6 19. f5 $16) 18. Rd2 $16) 16. Bd5 Be6 $1 17. Nc7 $1 (17. Bxe6 fxe6 18.
Nc7 Rac8 19. Rd7 (19. Nxe6 Rfe8 $19) 19... Rf7 $15) 17... Bxd5 18. Nxd5 Kg7 19.
e4 {[%csl Rf6,Rf7]} Rfd8 20. Rd3 Rd6 21. Rg3+ Kf8 22. Rf3 Nc4 $1 (22... Kg7 23.
Ne7 Rd2 24. Nf5+ Kf8 25. Rh3 $14 Rxa2 26. Rxh6 Kg8 27. Rxf6 Nc4 $132) 23. Rxf6
Rxf6 24. Nxf6 {Hecht: '[#] Beiderseits Bauern- und Felderschwächen. Da Schwarz
seinen Turm zuerst aktivieren kann, läßt sich der weiße Mehrbauer nicht halten.
'} Rd8 {[%csl Ra2,Rc3,Gc4,Re4] Now black has excellent compensation, having
fully activated his forces and having plenty of targets for counterplay.} 25.
h4 Rd6 $1 26. Nh5 (26. Nd5 Nd2 27. Re1 Nxe4 28. c4 Nd2 29. Rxe5 Nxc4 $15) 26...
Nd2 27. Rc1 Nxe4 28. f3 Nc5 29. Rc2 {It is hard for me to imagine this going
wrong for black.} Ke7 (29... Rd3 $5) 30. Re2 Rd1+ 31. Kh2 f6 32. f4 Nd3 33.
fxe5 fxe5 34. Ng3 Ke6 35. Ne4 {Hecht: '[#]'} Re1 $2 {'?!' Hecht. Time
pressure? Suddenly black must be careful. Hecht: 'Der Übergang ins
Springerendspiel läßt die weißen Bauernschwächen verschwinden, beläßt dem
weißen aber einen - ähnlich wie in Bauernendspielen - gefährlichen entfernten
Freibauern. Zudem steht der schwarze Springer auf e1 schlecht. Viel besser war:
'} (35... Nf4) (35... Nf4 $1 {Hecht} 36. Re3 (36. Rd2 Re1 37. Nc5+ Kf5 $132 {
z.B.} 38. Nxb7 e4 39. g3 e3) 36... Nd5) 36. Rxe1 Nxe1 37. g4 (37. Nc5+ $5 Kd5 (
37... Kf5 38. Nxb7 Kg4 (38... e4 39. Kg1) 39. c4 {is more dangerous for black,
for example} Nd3 40. c5 Nb4 41. Nd8 e4 42. c6 Nd5 43. Nf7 h5 44. g3 Kf3 45.
Ng5+ Ke3 46. g4 hxg4 47. h5 Kf4 48. Nxe4 $1 Kxe4 49. c7 $1 $18 (49. h6 $2 Kf3
$1 $19) 49... Nxc7 50. h6 $18) 38. Nxb7 Kc4 39. g4 Kxc3 40. Kg3 e4 41. g5 hxg5
42. h5 {is harmless for most reasons.} Nd3 43. h6 Nf4 ({Even} 43... e3 44. h7
e2 45. h8=Q+ Kd2 46. Qh2 Kd1 47. Qh5 Kd2 48. Qxg5+ Kc2 $11) 44. h7 Ng6) 37...
Kd5 $2 {Hecht: 'Aktivität zur unrechten Zeit.'} (37... b5 $11) (37... Nd3 $142
{[%cal Gd3c5,Yd3f4,Yb7b5,Ya7a5] Hecht}) 38. Nf6+ Kc4 (38... Ke6 39. Ng8 h5 40.
gxh5 $16) 39. Kg3 {'+-!' Hecht.} Kd3 (39... Kxc3 40. g5 hxg5 41. h5 $1 Nd3 42.
Nd5+ $1 Kd4 43. h6) 40. g5 hxg5 41. h5 e4 42. Nxe4 1-0

[Event "Mermaid Beach Club m"]
[Site "Bermuda"]
[Date "1999.01.30"]
[Round "9"]
[White "Seirawan, Yasser"]
[Black "Adams, Michael"]
[Result "1/2-1/2"]
[WhiteElo "2643"]
[BlackElo "2716"]
[Annotator "Tisdall,J"]
[PlyCount "55"]
[EventDate "1999.01.21"]
[EventType "match"]
[EventRounds "10"]
[EventCountry "BER"]
[SourceTitle "CBM 069"]
[Source "ChessBase"]
[SourceDate "1999.04.01"]
[SourceVersion "1"]
[SourceVersionDate "1999.04.01"]
[SourceQuality "1"]

1. d4 Nf6 2. c4 e6 3. Nf3 b6 4. Nc3 Bb4 5. Qb3 c5 6. a3 Ba5 7. Bg5 Bb7 8. e3 (
8. Rd1 $5 {as quickly as possible is the interesting philosophical point in
this variation. Seirawan's most impressive achievement with this variation was
accomplished with an early Rd1 followed by Rxd4-f4! Also worth noting is Ivan
Sokolov's impressive performance against Emms with an early Rd1, though
Sokolov played the position without a2-a3, a move that Seirawan always inserts.
All of this raises questions; Is Seirawan trying to avoid lines with ...
Nc6-a5? Why does Sokolov hurry the R to d1when his idea is to play exd4? Why
does Seirawan not hurry the R to d1 when his idea of using the open d-line
caused so many problems?  Hopefully further adventures in this sharp system
will shed some light on these subtleties.}) 8... cxd4 9. Nxd4 ({As mentioned
in the notes to the other match games,} 9. exd4 $5 {not fearing the gashed
pawn structure after ...Bxf3 has had good results. One can understand that
this drastic variation might not be just what the doctor ordered in a close
match however. On the other hand, black could force this structure by taking
on f3 first - so perhaps a situation where neither side wishes to touch the
position.}) 9... O-O 10. Qc2 Bxc3+ 11. Qxc3 d5 12. cxd5 Qxd5 $5 (12... Bxd5 {
was a relatively painless result for black in the previous match game.} 13. f3
h6 14. Bh4 Nbd7 15. Bb5 Rc8 16. Qd2 Nc5 17. Rd1 Nb3 18. Nxb3 Bxb3 19. Qxd8
Rfxd8 20. Rxd8+ Rxd8 21. Ke2 Rc8 {1/2-1/2 Seirawan,Y-Adams,M/Bermuda 1999/CBM
69_07/[J Tisdall] (21) However, Seirawan had a chance to improve on move 15
and try for a slight thematic advantage with his bishop pair (see notes to
that game) and probably had such a safe strategy in mind as this tense match
neared its conclusion. In the meantime, Adams has found what appears to be an
even more efficient solution to black's opening problems.}) 13. Bxf6 Rc8 $1 14.
Qd2 {White acquiesces to at most a symbolic advantage. Seirawan mentions to
sharper tries:} (14. Qb4 gxf6 15. Qe7 $5 {and} (15. Nb5 {at first sight both
of these look amazingly anti-intuitive, clowning around with the only
developed pieces while behind in development. But white needs to harass the
strongly centralized black queen, and both ideas combined with Rd1 have this
in mind.})) 14... gxf6 15. f3 Nc6 16. Nxc6 Qxd2+ 17. Kxd2 Rxc6 18. Rd1 Rd8+ 19.
Ke1 Rxd1+ 20. Kxd1 Rc5 21. Be2 (21. Bd3 $6 Rg5 $1 {and the bishop must return
home.}) 21... Rd5+ 22. Kc1 Rc5+ 23. Kd2 Rd5+ 24. Ke1 Rc5 25. Bd1 Ba6 $1 (25...
Rc1 26. Rf1 {and white unravels his pieces and can dream of trying exploit his
marginally better pawn structure some day.}) 26. Kd2 Rd5+ 27. Kc1 Rc5+ 28. Kd2
1/2-1/2

[Event "CRO-ch 6th"]
[Site "Pula"]
[Date "1998.01.09"]
[Round "1"]
[White "Nikolac, Juraj"]
[Black "Zelcic, Robert"]
[Result "0-1"]
[WhiteElo "2435"]
[BlackElo "2540"]
[Annotator "Tisdall,J"]
[PlyCount "98"]
[EventDate "1998.01.09"]
[EventType "tourn"]
[EventRounds "13"]
[EventCountry "CRO"]
[EventCategory "9"]
[SourceTitle "CBM 064"]
[Source "ChessBase"]
[SourceDate "1998.06.02"]
[SourceVersion "1"]
[SourceVersionDate "1998.06.02"]
[SourceQuality "1"]

1. d4 {Hecht} Nf6 2. c4 e6 3. Nc3 Bb4 4. Nf3 O-O 5. Bg5 c5 6. d5 exd5 7. cxd5
d6 8. g3 {A very unusual plan which aims to mobilize white's center pawns
after a brief delay to complete development.} h6 9. Bxf6 Qxf6 10. Rc1 Bg4 11.
Bg2 Re8 12. O-O Nd7 {If the Bb4 were posted on the long black diagonal this
would be a nice Benoni, but arranging a nice post for the bishop pair here is
rather difficult.} 13. h3 Bxf3 (13... Bf5 $5) 14. Bxf3 Ne5 15. Bg2 Bxc3 16.
Rxc3 b5 17. Rc2 Re7 18. b3 Rae8 19. f4 Nd7 20. e4 Qg6 21. Kh2 Rxe4 $5 {A
rather drastic remedy to the traditional worries of a white pawn storm
involving e5/d6/f5.This cannot be sound, but it does create practical chances
and makes black's position easier to play.} 22. Bxe4 Rxe4 23. Re2 f5 24. Rxe4
fxe4 25. Qe2 a6 26. a4 $1 Nf6 27. axb5 axb5 28. Qxb5 Qh5 (28... Nxd5 29. Qc4)
29. Kg2 Kh8 $1 (29... Qxd5 30. Qc4) (29... Nxd5 30. Qc4) 30. Qc4 e3 31. Ra1 Qf5
32. Rd1 (32. Re1 $5 Nxd5 33. Rd1 e2 34. Qxe2 Nc3 35. Qe8+ Kh7 36. Rxd6 Qc2+ 37.
Kf3 $18) 32... Qc8 $5 33. Re1 $2 (33. b4 $1) 33... Qa8 $132 34. Rxe3 $2 (34.
Kg1 $1 Nxd5 35. Qd3 Qa5 $140 36. Rf1 Qa8 37. Rd1 e2 38. Re1) 34... Nxd5 $11 35.
Re8+ $8 Qxe8 36. Qxd5 {[#] Hecht: A mating attack via a king intrusion behind
White's pawns. An endgame Medal seems appropriate. [#] Hecht: Mattangriff
durch Unterwanderung der weißen Bauern mit dem König. Eine Endspielmedaille
erscheint mir angebracht.} Qg6 37. g4 (37. h4) 37... Kh7 38. Kg3 h5 39. f5 (39.
g5 $142 $5 {Hecht Der Textzug schwächt die schwarzen Felder und ermöglicht das
Einsickern des schwarzen Königs.}) (39. g5 $142 $5 {Hecht The text move
weakens the dark squares and enables the infiltration of the black king.})
39... Qf6 40. Qd3 $6 (40. Kf4) 40... Qe5+ 41. Kf2 $2 {Now black is allowed to
post what is left of his forces on dominating posts. Hecht:Versus the flank
king, Nikolac had justifiable second thoughts: Gegen den Randkönig hatte
Nikolac berechtigte Bedenken: Gegen den Randkönig hatte Nikolac berechtigte
Bedenken:} (41. Kh4 {Hecht} Qf4 42. f6+ g6 (42... Kh6 43. fxg7) 43. f7 Kh6 $5 (
43... Kg7 $1 44. f8=Q+ (44. Qd5 Qf2+ 45. Kg5 Qf6#) 44... Qxf8 45. gxh5 Qf4#)
44. f8=Q+ Qxf8 45. Qd2+ Kg7 46. gxh5 Qf6+ 47. Qg5 $11 Qf2+ 48. Kg4 Qd4+ 49. Kg3
Qc3+ 50. Kh4 (50. Kg2 $5 Qc2+ 51. Kg1 {könnte halten. Mag allerdings sein, daß
gerade für diesen Fall in B) 45...Kh7 besser als 45...Kg7 ist. Steht nämlich
Opa auf h7, so ginge jetzt Dd1+ nebst gh5. Bitte nachprüfen, ob Weiß danach
Dauerschach hat!}) 50... Qb4+ 51. Qg4 Qe1+ 52. Kg5 Qe7+ 53. Kf4 Qe5+ 54. Kf3
Qxh5) (41. Kg2 $5 {Hecht}) (41. Kg2 $5 {Hecht}) 41... Qh2+ 42. Kf1 Qf4+ 43. Ke1
Kh6 44. Qd5 Kg5 $5 $17 (44... hxg4 45. Qe6+ Kg5 46. Qg6+ Kh4 47. hxg4 Qxg4 48.
Qxd6 $140 Qg3+) 45. Qf7 Qe5+ 46. Kf2 Qd4+ 47. Kg2 Qd2+ 48. Kf1 $2 (48. Kg3 $142
Qd3+ 49. Kf2 $17) 48... Kf4 49. f6 Kg3 {[%csl Gd1,Gf2]} 0-1

[Event "Ciocaltea Memorial"]
[Site "Bucharest"]
[Date "1999.03.14"]
[Round "11"]
[White "Florean, Andrei"]
[Black "Rogozenco, Dorian"]
[Result "0-1"]
[WhiteElo "2459"]
[BlackElo "2557"]
[Annotator "Tisdall,J"]
[PlyCount "62"]
[EventDate "1999.03.04"]
[EventType "tourn"]
[EventRounds "13"]
[EventCountry "ROU"]
[EventCategory "10"]
[SourceTitle "CBM 070"]
[Source "ChessBase"]
[SourceDate "1999.06.08"]
[SourceVersion "1"]
[SourceVersionDate "1999.06.08"]
[SourceQuality "1"]

1. d4 Nf6 2. c4 e6 3. Nc3 Bb4 4. Nf3 O-O 5. Bg5 c5 6. e3 {Not a line with a
terrific track record, and a slightly unfortunate choice against Rogozenko who
has toyed with it as white. The alternative} (6. Rc1 {on the other hand, is
enjoying a bit of a renaissance at the higher levels:} cxd4 7. Nxd4 d5 (7... h6
8. Bh4 Nc6 $5 9. a3 $6 Bxc3+ 10. Rxc3 g5 11. Bg3 Ne4 $1 $17 {1/2-1/2 Anand,
V-Timman,J/Hoogovens Blitz, Wijk aan Zee NED 1999 (54)}) 8. e3 dxc4 (8... h6 9.
Bh4 Bxc3+ 10. bxc3 dxc4 11. Bxc4 e5 12. Nb5 Qxd1+ 13. Rxd1 Nc6 14. Bxf6 gxf6
15. O-O Na5 16. Bd5 Be6 17. Nc7 Bxd5 18. Nxd5 Kg7 19. e4 Rfd8 20. Rd3 Rd6 21.
Rg3+ Kf8 22. Rf3 Nc4 $1 23. Rxf6 Rxf6 24. Nxf6 Rd8 $1 $44 {1-0 Nenashev,
A-Luther,T/It, Recklinghausen GER 1998 (42)}) 9. Bxc4 Nbd7 10. O-O h6 11. Bh4
Ne5 12. Qb3 Be7 13. Rfd1 Nxc4 14. Nc6 Nd2 15. Rxd2 Qe8 16. Nb5 Bd7 17. Nxe7+
Qxe7 18. Bxf6 gxf6 19. Rc7 Rad8 20. Nc3 Qe8 21. Ne4 Kg7 22. Nd6 Qe7 23. h3 {
1-0 Piket,J-Lautier,J/Fontys, Tilburg NED 1998 (23)}) (6. d5 {is the sharpest,
but also the riskiest. Even in a relative sideline black gained active play in
the recent:} d6 7. Rc1 exd5 8. cxd5 Nbd7 9. e3 h6 10. Bh4 Qa5 11. Nd2 b5 $1 12.
Be2 Bb7 13. e4 Rae8 14. f3 Nh5 15. O-O Nf4 16. Nb3 Nxe2+ 17. Qxe2 Qa6 18. Rfd1
Bxc3 19. bxc3 f5 $36 {0-1 Timman,J-Polgar,J/2nd VAM It, Hoogeveen NED 1998 (42)
}) 6... cxd4 (6... Qa5 7. Bd3 Bxc3+ 8. bxc3 cxd4 9. Bxf6 gxf6 10. exd4 Qxc3+
11. Kf1 Nc6 12. Rb1 Na5 13. h4 b6 14. Rh3 Re8 15. Ne5 {1-0 Hamilton
S-Gunnarsson J/Philadelphia, PA USA 1995 (18)}) 7. exd4 h6 8. Bh4 Qa5 9. Qc2 (
9. Bd3 $5 {is for the happy-go-lucky bridge burning type. White gets a mess
and attacking chances for a pawn. A drastic example:} Bxc3+ 10. bxc3 Qxc3+ 11.
Kf1 d6 12. Bxf6 gxf6 13. Rc1 Qa5 14. h4 e5 15. g4 $5 Nc6 16. g5 f5 17. gxh6 Kh8
$13 {with chaos, 0-1 Rashkovsky,N -Novikov,I/Tashkent 1986/EXT 97 (64). The
game continuation indicates that if white wants to play this variation, he
should at least get some entertainment value for his pawn, and so this is
probably the most promising way.}) 9... Ne4 $1 10. Rc1 d5 11. Bd3 (11. a3 Bxc3+
12. bxc3 Qxa3 13. Bd3 Nc6 14. O-O f5 15. h3 Qd6 16. Rce1 b6 17. Bg3 Qd8 18. Ne5
Nxe5 19. Bxe5 Ba6 {and white was struggling, 1/2-1/2 Rogozenko,D-Kiselev,S/
Berliner Sommer 1995 (41)}) 11... Qxa2 12. Bxe4 dxe4 13. Nd2 (13. Ne5 f6 14.
O-O Bxc3 15. Qxc3 Qa4 16. Ng6 Rf7 $15 {0-1 Sideif Sade,F-Novikov,I/Pavlodar
1987/EXT 97 (55)}) 13... Qa5 14. Qxe4 f5 15. Qd3 e5 $1 $36 16. f4 {White was
understandably nervous about his bishop being interred by black's pawn mass.} (
16. d5 g5 17. Bg3 e4) (16. O-O g5 17. Nb3 (17. Bg3 e4) 17... Qd8 18. Nd5 e4 19.
Qe2 Bd6) 16... exd4 17. Qxd4 Re8+ 18. Kd1 Be6 (18... Nc6 $5 {was also very
promising as the attempt to break black's initiative by} 19. Qd5+ Be6 20. Qxa5
Nxa5 {accelerates the attack in the queenless middlegame.}) 19. Qe5 Qxe5 20.
fxe5 Nc6 21. Re1 g5 22. Bf2 Rad8 $19 {White's position is a wreck - the e5
pawn is frail, the black bishops rake in all directions and his king is under
fierce attack.} 23. Kc2 Bf7 (23... Bf8 $5 {to play Nb4 was also painful.}) 24.
b3 Ba3 25. Rcd1 (25. Ra1 Nb4+ $19) 25... Nb4+ 26. Kb1 Nd3 27. Re2 (27. Rf1 Nb2)
27... Nf4 28. Re3 Bh5 29. Nf3 Nxg2 30. Red3 Rxd3 31. Rxd3 Nf4 (31... Nf4 32.
Re3 Bc5) 0-1